Places To Study

There are group study rooms, individual study carrels, computer labs, and other spaces to study in the Libraries.

Reserve A Group Room

Online Resources

Access thousands of eBooks, audiobooks, and online journals from the comfort of your home.

Explore Resources

Events and Workshops

Join our upcoming events and workshops to enhance your skills and knowledge.

View Events

The path of purity : (Record no. 1629)

MARC details
000 -LEADER
fixed length control field 00659nam a22002057a 4500
003 - CONTROL NUMBER IDENTIFIER
control field OSt
005 - DATE AND TIME OF LATEST TRANSACTION
control field 20250721141745.0
008 - FIXED-LENGTH DATA ELEMENTS--GENERAL INFORMATION
fixed length control field 250721b |||||||| |||| 00| 0 eng d
020 ## - INTERNATIONAL STANDARD BOOK NUMBER
International Standard Book Number 9786245869008
040 ## - CATALOGING SOURCE
Transcribing agency DCL
041 ## - LANGUAGE CODE
Language code of text/sound track or separate title English
082 ## - DEWEY DECIMAL CLASSIFICATION NUMBER
Classification number 294.3824
130 ## - MAIN ENTRY--UNIFORM TITLE
Uniform title Tipiṭaka. Abhidhammapiṭaka.
Language of a work English. Translation
245 10 - TITLE STATEMENT
Title The path of purity :
Remainder of title being a translation of Buddhaghosa's Visuddhimagga Buddhaghosa /
Statement of responsibility, etc. translated by Pe Maung Tin .
260 ## - PUBLICATION, DISTRIBUTION, ETC.
Place of publication, distribution, etc. Oxford :
Name of publisher, distributor, etc. Pali Text Society,
Date of publication, distribution, etc. 1971.
300 ## - PHYSICAL DESCRIPTION
Extent XIV, 907 pages ;
Dimensions 22 cm.
650 ## - SUBJECT ADDED ENTRY--TOPICAL TERM
Topical term or geographic name entry element Visuddhimagga
700 0# - ADDED ENTRY--PERSONAL NAME
Personal name Pe Maung Tin
Relator term translator
942 ## - ADDED ENTRY ELEMENTS (KOHA)
Source of classification or shelving scheme Dewey Decimal Classification
Koha item type Books on English
Suppress in OPAC No
Holdings
Withdrawn status Lost status Source of classification or shelving scheme Damaged status Not for loan Collection Accession No. Home library Current library Shelving location Date acquired Total checkouts Full call number Barcode Date last seen Price effective from Koha item type
    Dewey Decimal Classification     English Collection 126 Dhammadhara Dhammadhara English Shelves 21/07/2025   294.3824 Ab 126 EB00000126 21/07/2025 21/07/2025 Books on English